Tài liệu luyện thi chứng chỉ IELTS các khối thi đào tạo tổng quát = Prepare for IELTS general training modules /
محفوظ في:
| المؤلف الرئيسي: | |
|---|---|
| مؤلفون آخرون: | , |
| التنسيق: | Sách giấy |
| اللغة: | English Vietnamese |
| منشور في: |
TP.HCM :
TP.HCM ,
2000
|
| الوسوم: |
إضافة وسم
لا توجد وسوم, كن أول من يضع وسما على هذه التسجيلة!
|
| Thư viện lưu trữ: | Thư viện Trường Đại học Đà Lạt |
|---|
| LEADER | 00738nam a2200265 4500 | ||
|---|---|---|---|
| 001 | DLU020018180 | ||
| 005 | ##6/21/2001 | ||
| 020 | # | # | |a 978- |
| 041 | # | # | |a eng |a vie |
| 082 | # | # | |a 428 |b CA-P |
| 100 | # | # | |a Cameron, Penny |
| 245 | # | # | |a Tài liệu luyện thi chứng chỉ IELTS các khối thi đào tạo tổng quát = |b Prepare for IELTS general training modules / |c Penny Cameron, Vanessa Todd; Lê Huy Lâm |
| 260 | # | # | |a TP.HCM : |b TP.HCM , |c 2000 |
| 300 | # | # | |a 222 tr.; |c 21 cm. |
| 700 | # | # | |a Lê Huy Lâm |e dịch |
| 700 | # | # | |a Todd, Vanessa |
| 992 | # | # | |a 28000 |
| 994 | # | # | |a DLU |
| 900 | # | # | |a False |
| 911 | # | # | |a Administrator |
| 925 | # | # | |a G |
| 926 | # | # | |a A |
| 927 | # | # | |a SH |
| 980 | # | # | |a Thư viện Trường Đại học Đà Lạt |